MARC

LEADER 00000nam0a2200000 4500
001 45836
005 20231031024053.0
035 |a (RuTPU)RU\TPU\book\47741 
090 |a 45836 
100 |a 20021217d1978 km y0rusy50 ca 
101 0 |a rus 
102 |a RU 
105 |a a z 001zy 
200 1 |a Планирование промышленных экспериментов  |e Модели динамики  |f В. Г. Горский, Ю. П. Адлер, А. М. Талалай 
210 |a Москва  |c Металлургия  |d 1978 
215 |a 112 с.  |c ил. 
320 |a Библиогр.: с. 103-110. 
610 1 |a технические эксперименты 
610 1 |a планирование 
610 1 |a математические методы 
610 1 |a динамика 
675 |a 62.001.5  |v 3 
700 1 |a Горский  |b В. Г.  |g Владимир Григорьевич 
701 1 |a Адлер  |b Ю. П.  |g Юрий Павлович 
701 1 |a Талалай  |b А. М.  |g Александр Михайлович 
801 1 |a RU  |b 63413507  |c 20021217  |g PSBO 
801 2 |a RU  |b 63413507  |c 20170117  |g PSBO 
900 |a Моделирование объектов и систем управления на ТЭС 
942 |c BK